<?xml version="1.0" encoding="UTF-8"?>
<record
    xmlns:xsi="http://www.w3.org/2001/XMLSchema-instance"
    xsi:schemaLocation="http://www.loc.gov/MARC21/slim http://www.loc.gov/standards/marcxml/schema/MARC21slim.xsd"
    xmlns="http://www.loc.gov/MARC21/slim">

  <leader>01394nam a2200253 i 4500</leader>
  <controlfield tag="001">183438</controlfield>
  <controlfield tag="003">ES-MaACL</controlfield>
  <controlfield tag="005">20250918184526.0</controlfield>
  <controlfield tag="008">140422s1890    it           |||| | ita d</controlfield>
  <datafield tag="100" ind1="1" ind2=" ">
    <subfield code="a">Brunialti, Attilio.</subfield>
    <subfield code="9">32183</subfield>
  </datafield>
  <datafield tag="245" ind1="1" ind2="3">
    <subfield code="a">La Libert&#xE0; nello stato moderno </subfield>
    <subfield code="b">: prefazione / </subfield>
    <subfield code="c">A. Brunialti. La Libert&#xE0; / Stuart Mill. La Libert&#xE0; civile e l'Autogoverno / F. Lieber. I limiti della Libert&#xE0; individuale / F. C. Montague. L'istituzione regia e la responsabilit&#xE0; ministeriale / C. Montalcini. Teoria giuridica delle guarentigie della libert&#xE0; /V. E. Orlando.</subfield>
  </datafield>
  <datafield tag="260" ind1=" " ind2=" ">
    <subfield code="a">Torino : </subfield>
    <subfield code="b">Unione Tipografico-Editrice, </subfield>
    <subfield code="c">1890.</subfield>
  </datafield>
  <datafield tag="300" ind1=" " ind2=" ">
    <subfield code="a">CCXXXIX, 1187 p. ; </subfield>
    <subfield code="c">25 cm.</subfield>
  </datafield>
  <datafield tag="490" ind1="1" ind2=" ">
    <subfield code="a">Biblioteca di scienze politiche: scelta collezione delle pi&#xF9; importanti opere moderne italiane e straniere dei scienze politiche / diretta da Attilio Brunialti ; </subfield>
    <subfield code="v">5</subfield>
  </datafield>
  <datafield tag="650" ind1="0" ind2="4">
    <subfield code="a">Libertad.</subfield>
    <subfield code="9">14400</subfield>
  </datafield>
  <datafield tag="700" ind1="1" ind2=" ">
    <subfield code="a">Mill, John Stuart, </subfield>
    <subfield code="d">1806-1873</subfield>
    <subfield code="9">81119</subfield>
  </datafield>
  <datafield tag="700" ind1="1" ind2=" ">
    <subfield code="a">Lieber, Francis.</subfield>
    <subfield code="9">154758</subfield>
  </datafield>
  <datafield tag="700" ind1="1" ind2=" ">
    <subfield code="a">Montague, Francis Charles.</subfield>
    <subfield code="9">130074</subfield>
  </datafield>
  <datafield tag="700" ind1="1" ind2=" ">
    <subfield code="a">Montalcini, Camillo.</subfield>
    <subfield code="9">154759</subfield>
  </datafield>
  <datafield tag="700" ind1="0" ind2=" ">
    <subfield code="a">Orlando, Vittorio Emanuelle.</subfield>
    <subfield code="9">87283</subfield>
  </datafield>
  <datafield tag="830" ind1="0" ind2=" ">
    <subfield code="a">Biblioteca di scienze politiche: scelta collezione delle pi&#xF9; importanti opere moderne italiane e straniere dei scienze politiche / diretta da Attilio Brunialti ; </subfield>
    <subfield code="v">5</subfield>
    <subfield code="9">224981</subfield>
  </datafield>
  <datafield tag="852" ind1=" " ind2=" ">
    <subfield code="a">ES-MaACL</subfield>
    <subfield code="j">B-9318</subfield>
  </datafield>
  <datafield tag="999" ind1=" " ind2=" ">
    <subfield code="c">183438</subfield>
    <subfield code="d">183438</subfield>
  </datafield>
  <datafield tag="952" ind1=" " ind2=" ">
    <subfield code="0">0</subfield>
    <subfield code="1">0</subfield>
    <subfield code="4">0</subfield>
    <subfield code="7">0</subfield>
    <subfield code="8">LIBXIX</subfield>
    <subfield code="a">ATENEOM</subfield>
    <subfield code="b">ATENEOM</subfield>
    <subfield code="c">SPB</subfield>
    <subfield code="d">2014-04-22</subfield>
    <subfield code="e">COM</subfield>
    <subfield code="l">0</subfield>
    <subfield code="o">B-9318</subfield>
    <subfield code="p">1192805</subfield>
    <subfield code="r">2023-02-23 00:00:00</subfield>
    <subfield code="w">2023-02-23</subfield>
    <subfield code="y">MONANT</subfield>
  </datafield>
</record>
